01192nam a2200301 a 450000100100000000500170001000800410002702000150006804000250008308200210010810000360012924500630016525000110022826000320023930000350027150000420030650001150034850400320046360000520049565000710054765000360061865000340065465000310068865000200071904900090073995201250074899900170087300002278520200930021809.0101118s2001 sp ac 000 0 spa d a8475560725 aDO-SdBNPbspacBNPHU a925bG633e, 20011 aGómez Cordero, Teodoro94681410aEinstein relativamente fácil /cTeodoro Gómez cordero. a2a ed. aBarcelona :bOceano,c2001. a203 p. :bil., retr. ;c23 cm. aIncluye notas al pie de las páginas aLa guía definitiva para entender a Einstein y las teorías que cambiaron nuestra concepción del universo. aBibliografía : p. 191-19414aEINSTEIN, ALBERT,d1879-1955.xTEORÍAS94681514aEinstein, albert,d1879-1955.xCrítica e interpretación946816 4aInventoresxBiografías946817 4aRelatividad (física)931874 4aTeoría cuántica946818 4aInventos946819 aBNPD 001054708MOaGRbGRcCTd2010-11-18iLF1l0o925 G633e, 2001p22785-10r2020-06-25w2020-06-25y4ZPréstamo en sala c22282d22282